000 00408nam a2200169Ia 4500
003 0100
008 130303s9999 xx 000 0 und d
040 _cARRUPELIB
050 _aBL265.P4W671995
100 _aWorthing, Mark William
245 _aGod, Creation, and Contemporary Physics
260 _aMinneapolis, Minnesota
260 _bFortress Press
260 _C1995
300 _a260p
942 0 0 _02
999 _c18353
_d18353